Cuando ya no hay remedio / (Record no. 120103)
[ view plain ]
| 000 -LEADER | |
|---|---|
| campo de control de longitud fija | 00672nam a2200205 4500 |
| 001 - NÚMERO DE CONTROL | |
| campo de control | 120103 |
| 003 - IDENTIFICADOR DE NÚMERO DE CONTROL | |
| campo de control | ES-MaACL |
| 005 - FECHA Y HORA DE LA ÚLTIMA TRANSACCIÓN | |
| campo de control | 20230906191451.0 |
| 007 - CAMPO FIJO DE DESCRIPCIÓN FÍSICA--INFORMACIÓN GENERAL | |
| campo de control de longitud fija | t| |
| 008 - DATOS DE LONGITUD FIJA--INFORMACIÓN GENERAL | |
| campo de control de longitud fija | 070214s1947 sp r ||||1| spa d |
| 100 1# - ENTRADA PRINCIPAL--NOMBRE DE PERSONA | |
| Nombre de persona | Pérez Valiente, Salvador. |
| 9 (RLIN) | 91194 |
| 245 10 - MENCIÓN DEL TÍTULO | |
| Título | Cuando ya no hay remedio / |
| Mención de responsabilidad, etc. | Salvador Pérez Valiente. |
| 260 ## - PUBLICACIÓN, DISTRIBUCIÓN, ETC. | |
| Lugar de publicación, distribución, etc. | Valladolid : |
| Nombre del editor, distribuidor, etc. | [s.n.], |
| Fecha de publicación, distribución, etc. | 1947 ( |
| Fabricante | Tip. Cuesta) |
| 300 ## - DESCRIPCIÓN FÍSICA | |
| Extensión | 67 p., 1 lám. : |
| Otras características físicas | `retr. aut.` ; |
| Dimensiones | 17 cm. |
| 490 1# - MENCIÓN DE SERIE | |
| Mención de serie | Halcón. Colección de poesía |
| 500 ## - NOTA GENERAL | |
| Nota general | Retrato del poeta por Antonio Gómez Cano. |
| 830 0# - PUNTO DE ACCESO ADICIONAL DE SERIE-TÍTULO UNIFORME | |
| Título uniforme | Halcón. Colección de poesía |
| 9 (RLIN) | 218647 |
| 852 ## - LOCALIZACIÓN | |
| Ubicación | ES-MaACL |
| Número de control de estantería | 1872-F-15 |
| Sublocalización o colección | R.24307 |
| Estatus retirado | Estado de pérdida | Estado de daño | No para préstamo | Colección | Biblioteca de origen | Biblioteca actual | Ubicación en estantería | Fecha de adquisición | Fuente de adquisición | Total de préstamos | Signatura topográfica completa | Código de barras | Visto por última vez | Precio de reemplazo | Tipo de ítem Koha |
|---|---|---|---|---|---|---|---|---|---|---|---|---|---|---|---|
| Colección de folletos | Biblioteca del Ateneo de Madrid | Biblioteca del Ateneo de Madrid | Depósito folletos | 17/01/2008 | 1872-F-15 | 1125188 | 23/02/2023 | 23/02/2023 | Folleto |
